000 01028nam a22003610a 4500
001 PT46778
003 AR-LpoUNG
005 20210131231138.0
008 191001ss.f.||||ag |||||||||||||||||spa d
040 _aAR-LpoUNG
_bspa
_cAR-LpoUNG
_eaacr
041 _aspa
044 _aag
082 0 _a982.065 582mal
100 1 _aGonzález, Horacio
_epról.
245 1 0 _aMalvinas :
_barchipiélago de la memoria
260 _aBuenos Aires :
_bBiblioteca Nacional,
_cs.f..
300 _a80 p. :
_bfot.
505 0 _aMuestra fotográfica que tuvo lugar en la Sala Leopoldo Marechal de la Biblioteca Nacional entre abril y junio.
650 4 _aARGENTINA
650 4 _aDICTADURA
650 4 _aEXPOSICIONES
650 4 _aFOTOS
650 4 _aFUERZAS ARMADAS
650 4 _aGOBIERNO MILITAR
650 4 _aGRAN BRETAÑA
650 4 _aGUERRA
650 4 _aIDENTIDAD CULTURAL
653 _aHISTORIOGRAFIA
653 _aMALVINAS ARGENTINAS
710 2 _aBiblioteca Nacional (Argentina)
905 _a46778
942 _cLIB
999 _c8283
_d8283